Property Offences: the protection of property through the criminal law (Record no. 102273)

MARC details
000 -LEADER
fixed length control field 00843cam a2200193 4500
008 - FIXED-LENGTH DATA ELEMENTS--GENERAL INFORMATION
fixed length control field 020806n1994 000 0 eng u
020 ## - INTERNATIONAL STANDARD BOOK NUMBER
International Standard Book Number 0420470409
035 ## - SYSTEM CONTROL NUMBER
System control number (Sirsi) u119223
041 ## - LANGUAGE CODE
Language code of text/sound track or separate title eng.
100 ## - MAIN ENTRY--PERSONAL NAME
Personal name Smith, A.T.H.
245 ## - TITLE STATEMENT
Title Property Offences: the protection of property through the criminal law
260 ## - PUBLICATION, DISTRIBUTION, ETC.
Place of publication, distribution, etc. London
Name of publisher, distributor, etc. Sweet and Maxwell
Date of publication, distribution, etc. 1994
300 ## - PHYSICAL DESCRIPTION
Extent ci,1037p.
Dimensions 26cm.
520 ## - SUMMARY, ETC.
Summary, etc. Intended as an extended account and analysis of the law relating to the protection of property through criminal law. Dealing with all the key property-related offences, the author supplies an analysis of the elements of each offence as well as a consideration of the underlying principles of the civil law relating to property.
650 ## - SUBJECT ADDED ENTRY--TOPICAL TERM
Topical term or geographic name entry element PROPERTY OFFENCES
650 ## - SUBJECT ADDED ENTRY--TOPICAL TERM
Topical term or geographic name entry element PROTECTION OF PROPERTY
690 ## - LOCAL SUBJECT ADDED ENTRY--TOPICAL TERM (OCLC, RLIN)
Topical term or geographic name as entry element LAW
942 ## - ADDED ENTRY ELEMENTS (KOHA)
Suppress in OPAC 0
Holdings
Withdrawn status Lost status Source of classification or shelving scheme Damaged status Not for loan Home library Current library Shelving location Date acquired Total Checkouts Full call number Barcode Date last seen Copy number Price effective from Koha item type
    Dewey Decimal Classification     London London Books 06/08/2002   345.0216 SMI 30066344 06/08/2019 1 06/08/2019 Book